=LDR 00000nam 2200000 4500 =001 INLIS000000000021706 =005 20130612120535 =008 ***********************************Ind** =035 ##$$0010-061300000021706 =041 ##$$a Ind =082 ##$$a 92(Sudirman) =090 ##$$a 92(Sudirman), Cok-p =100 ##$$a Cokropranolo =245 ##$$a Panglima Besar TNI Jenderal Sudirman, Pemimpin Pendobrak Terakhir Penjajahan di Indonersia, Tjokropranolo =260 ##$$a 1992 $b Jakarta =300 ##$$a xxv, 400 hlm., ilus., 24 cm =650 ##$$a Biografi-Sudirman =850 ##$$a NBPNMAT